| 000 | 00948cai a22002055a 4500 | ||
|---|---|---|---|
| 001 | L156069 | ||
| 008 | 120427u2012 xxk g 000 0 eng d | ||
| 035 | _a(Sirsi) u156069 | ||
| 041 | 0 | _aeng | |
| 100 |
_aRepublic of South Africa _bDepartment of Energy |
||
| 245 | 0 | 0 |
_aRepublic of South Africa _bDepartment of Energy _h[electronic resource] |
| 260 |
_aPretoria _bDOE _c2012 |
||
| 520 | _aThe Department of Energy is responsible for ensuring exploration, development, processing, utilisation and management of South Africa's mineral and energy resources. The key objectives of the department include, attaining universal access to energy by 2014 and accessible, affordable and reliable energy, especially for the poor. | ||
| 590 | _aKA | ||
| 651 | 4 | _aSouth Africa | |
| 690 |
_aEnergy _96237 |
||
| 690 |
_aEnvironment _96238 |
||
| 856 | 4 | 0 |
_uhttps://www.energy.gov.za/home.html _zView the website free of charge at www.energy.gov.za |
| 942 | _n0 | ||
| 999 |
_c120979 _d120979 |
||